| 000 | 00429nam a2200157 i 4500 | ||
|---|---|---|---|
| 001 | 25506 | ||
| 003 | ES-MaACL | ||
| 005 | 20230906153300.0 | ||
| 007 | t| | ||
| 008 | 021226s1972 sp ||||1| spa d | ||
| 100 | 1 |
_aArciniegas, Germán. _922498 |
|
| 245 | 1 | 0 |
_aRoma secretíssima / _cGermán Arciniegas. |
| 260 |
_a[Salamanca] : _bAnaya, _c[1972] |
||
| 300 |
_a194 p., 8 lám. ; _c18 cm. |
||
| 852 |
_aES-MaACL _jC-52692 _bR.83260 |
||
| 999 |
_c25506 _d25506 |
||